Đoạn trường tân thanh : Một mã khoá vào thế giới nghệ thuật Nguyễn Du /
Kaydedildi:
| Yazar: | |
|---|---|
| Materyal Türü: | Makale |
| Dil: | Vietnamese |
| Konular: | |
| Etiketler: |
Etiketle
Etiket eklenmemiş, İlk siz ekleyin!
|
| Thư viện lưu trữ: | Thư viện Trường Đại học Đà Lạt |
|---|
| LEADER | 00712nam a2200253 4500 | ||
|---|---|---|---|
| 001 | DLU090075254 | ||
| 005 | ##20090526 | ||
| 040 | # | # | |a DLU |b vie |
| 041 | # | # | |a vie |
| 044 | # | # | |a vn |
| 100 | # | # | |a Nguyễn Đăng Na, |c PGS.PTS. |
| 245 | # | # | |a Đoạn trường tân thanh : |b Một mã khoá vào thế giới nghệ thuật Nguyễn Du / |c Nguyễn Đăng Na. |
| 653 | # | # | |a Nguyễn Du, 1766-1820 |
| 653 | # | # | |a Thi pháp Truyện Kiều |
| 653 | # | # | |a Truyện Nôm |
| 773 | # | # | |t Tạp chí văn học |g Số 5, 1999, tr. 53-60 |
| 994 | # | # | |a DLU |
| 900 | # | # | |a True |
| 911 | # | # | |a Nguyễn Thị Linh Chi |
| 925 | # | # | |a G |
| 926 | # | # | |a A |
| 927 | # | # | |a BB |
| 980 | # | # | |a Thư viện Trường Đại học Đà Lạt |